[Event "Titled Tuesday intern op 21st May Early"]
[Site "Chess.com INT"]
[Date "2024.05.21"]
[Round "3"]
[White "Sarana, Alexey"]
[Black "Manelyuk, Nikita"]
[Result "1-0"]
[WhiteElo "2706"]
[BlackElo "2269"]
[PlyCount "101"]
[EventDate "2024.05.21"]
[EventType "swiss (blitz)"]
[EventRounds "11"]
[EventCountry "USA"]
[SourceTitle "CB22_2024"]
[SourceDate "2024.05.29"]
[SourceVersion "1"]
[SourceVersionDate "2024.05.29"]
[SourceQuality "1"]

1. d4 Nf6 2. c4 c5 3. d5 b5 4. cxb5 a6 5. bxa6 g6 6. Nc3 Bg7 7. e4 0-0 8. Nf3 Qa5 9. Bd2 d6 10. a4 Bxa6 11. Nb5 Qb6 12. Bd3 c4 13. Bxc4 Nxe4 14. 0-0 Nxd2 15. Qxd2 Nd7 16. Rae1 Ne5 17. Nxe5 Bxe5 18. b3 Rfc8 19. g3 Bxb5 20. axb5 Bf6 21. Kg2 Ra7 22. Re2 Rca8 23. h4 h5 24. Rfe1 Kg7 25. Qe3 Bd4 26. Qf4 Bf6 27. Qd2 Qc5 28. Qe3 Qb4 29. Rc1 Ra1 30. Rxa1 Rxa1 31. Qd2 Qc5 32. Qe3 Qb4 33. Qd3 Qa3 34. Qc2 Qc5 35. Qd2 Rb1 36. Qe3 Qb4 37. Ra2 Re1 38. Qd2 Bc3 39. Qd3 Bf6 40. Ra6 Rc1 41. Qe3 Re1 42. Ra4 Rxe3 43. Rxb4 Bc3 44. b6 Bxb4 45. b7 Re1 46. b8Q Bc3 47. Bd3 Rd1 48. Qb5 Bd4 49. Qc4 Bb6 50. b4 Rd2 51. Qc3+ 1-0

[Event "Titled Tuesday intern op 21st May Early"]
[Site "Chess.com INT"]
[Date "2024.05.21"]
[Round "5"]
[White "Slovineanu, Viacheslav"]
[Black "Manelyuk, Nikita"]
[Result "0-1"]
[WhiteElo "2412"]
[BlackElo "2269"]
[PlyCount "80"]
[EventDate "2024.05.21"]
[EventType "swiss (blitz)"]
[EventRounds "11"]
[EventCountry "USA"]
[SourceTitle "CB22_2024"]
[SourceDate "2024.05.29"]
[SourceVersion "1"]
[SourceVersionDate "2024.05.29"]
[SourceQuality "1"]

1. d4 Nf6 2. Nf3 c5 3. d5 b5 4. e4 Nxe4 5. Bd3 Nd6 6. 0-0 c4 7. Be2 g6 8. Qd4 f6 9. a4 bxa4 10. Bf4 Nf5 11. Qxc4 Ba6 12. Qe4 Bxe2 13. Qxe2 Bg7 14. Rxa4 0-0 15. Nc3 g5 16. Qe4 Nh6 17. Be3 f5 18. Qc4 f4 19. Bd4 g4 20. Bxg7 Kxg7 21. Ne5 Qb6 22. Nd3 f3 23. g3 Qg6 24. Re1 Qg5 25. Ne4 Qh5 26. Nf4 Qf7 27. Qd4+ Kg8 28. Ng5 Qf5 29. h4 gxh3 30. Ngxh3 e5 31. dxe6 dxe6 32. Rxe6 Nd7 33. Qxd7 Rad8 34. Qe7 Rd1+ 35. Re1 Qd7 36. Qe3 Ng4 37. Qxf3 Rxe1+ 38. Kg2 Ne5 39. Qb3+ Kh8 40. Rb4 Qc6+ 0-1